[Event "ISR-ch"]
[Site "Acre"]
[Date "2013.04.13"]
[Round "8"]
[White "Gruenfeld, Yehuda"]
[Black "Gofshtein, Leonid D"]
[Result "0-1"]
[WhiteElo "2434"]
[BlackElo "2457"]
[PlyCount "108"]
[EventDate "2013.04.06"]
[EventType "swiss"]
[EventRounds "9"]
[EventCountry "ISR"]
[SourceTitle "CBM 153 Extra"]
[Source "ChessBase"]
[SourceDate "2013.04.22"]
[SourceVersion "1"]
[SourceVersionDate "2013.04.22"]
[SourceQuality "1"]

1. e4 c5 2. Nf3 d6 3. d4 cxd4 4. Nxd4 Nf6 5. Nc3 a6 6. Be3 e5 7. Nb3 Be6 8. Qd2 Nbd7 9. f3 h5 10. Be2 Rc8 11. a4 Be7 12. 0-0 0-0 13. a5 Qc7 14. Rfc1 d5 15. Nxd5 Bxd5 16. exd5 e4 17. Ra4 exf3 18. gxf3 b5 19. axb6 Nxb6 20. Rd4 Bd6 21. Bxa6 Rce8 22. c4 Rxe3 23. Qxe3 Bxh2+ 24. Kf1 Be5 25. d6 Bxd6 26. c5 Nbd5 27. Qd3 Bf4 28. Re1 Bg3 29. Rd1 Rd8 30. Bc4 Qc8 31. Kg1 Qh3 32. Qc2 Bf4 33. Qg2 Be3+ 34. Kf1 Qf5 35. R4d3 Bxc5 36. Re1 Bb6 37. Qd2 Qg6 38. Ke2 Rc8 39. Bxd5 Nxd5 40. Kd1 Nf4 41. Rd6 Qb1+ 42. Nc1 Ba5 43. b4 Bxb4 44. Rd8+ Kh7 45. Rxc8 Bxd2 46. Kxd2 Qb2+ 47. Kd1 Qd4+ 48. Kc2 Qf2+ 49. Kd1 Qxf3+ 50. Kc2 Qf2+ 51. Kd1 Ng2 52. Re2 Qf1+ 53. Kd2 Qf4+ 54. Kd1 Qg4 0-1

[Event "ISR-ch"]
[Site "Acre"]
[Date "2013.04.08"]
[Round "3"]
[White "Gofshtein, Leonid D"]
[Black "Golod, Vitali"]
[Result "1/2-1/2"]
[WhiteElo "2457"]
[BlackElo "2573"]
[PlyCount "27"]
[EventDate "2013.04.06"]
[EventType "swiss"]
[EventRounds "9"]
[EventCountry "ISR"]
[SourceTitle "CBM 153 Extra"]
[Source "ChessBase"]
[SourceDate "2013.04.22"]
[SourceVersion "1"]
[SourceVersionDate "2013.04.22"]
[SourceQuality "1"]

1. Nf3 d5 2. d4 c5 3. c4 cxd4 4. cxd5 Qxd5 5. Nc3 Qa5 6. Nxd4 Nf6 7. g3 e5 8. Nb3 Qc7 9. Bg2 Bb4 10. Bd2 0-0 11. a3 Bxc3 12. Bxc3 Nc6 13. 0-0 Rd8 14. Qe1 1/2-1/2

[Event "EU-Cup 28th"]
[Site "Eilat"]
[Date "2012.10.17"]
[Round "7.1"]
[White "Bok, Benjamin"]
[Black "Gofshtein, Leonid D"]
[Result "1-0"]
[WhiteElo "2530"]
[BlackElo "2480"]
[PlyCount "123"]
[EventDate "2012.10.11"]
[EventType "team-swiss"]
[EventRounds "7"]
[EventCountry "ISR"]
[SourceTitle "CBM 151"]
[Source "ChessBase"]
[SourceDate "2012.11.13"]
[SourceVersion "1"]
[SourceVersionDate "2012.11.13"]
[SourceQuality "1"]
[WhiteTeam "Eynatten"]
[BlackTeam "Petah Tikva"]
[WhiteTeamCountry "BEL"]
[BlackTeamCountry "ISR"]

1. e4 g6 2. d4 Bg7 3. Nc3 d6 4. f4 Nf6 5. Bd3 e5 6. dxe5 dxe5 7. Nf3 Nfd7 8. 0-0 Nc6 9. Nd5 0-0 10. f5 Ne7 11. Bg5 f6 12. Be3 Nb6 13. Nxb6 axb6 14. Bc4+ Kh8 15. Qxd8 Rxd8 16. Nxe5 Rf8 17. Nf7+ Kg8 18. Nh6+ Kh8 19. Rad1 Ra4 20. Nf7+ Kg8 21. Bb3 Rb4 22. Nd8+ Kh8 23. Bf4 Nc6 24. Bxc7 Nxd8 25. Rxd8 Rxe4 26. fxg6 hxg6 27. Rf4 Rxf4 28. Rxf8+ Bxf8 29. Bxf4 Bc5+ 30. Kf1 g5 31. Bg3 b5 32. Bf2 Bd6 33. g3 Bf5 34. c3 Be4 35. Ke2 f5 36. Kd2 f4 37. Bc2 Bd5 38. a3 Kg7 39. Kd3 Bb8 40. Ke2 Kf6 41. Bd4+ Ke6 42. Kf2 g4 43. Bd3 Bc4 44. Bg6 Bd6 45. Bh5 Kf5 46. Be8 Ke6 47. Bg6 Bd5 48. b4 Bc6 49. Bd3 Be5 50. Be2 f3 51. Bd3 Bf6 52. Bf1 Bxd4+ 53. cxd4 Kf5 54. Ke3 Kg5 55. h3 b6 56. hxg4 Kxg4 57. Kf2 Kg5 58. Bh3 Kf6 59. Bg4 Be8 60. Bxf3 Kf5 61. Ke3 Bd7 62. g4+ 1-0

[Event "EU-Cup 28th"]
[Site "Eilat"]
[Date "2012.10.11"]
[Round "1.1"]
[White "Gofshtein, Leonid D"]
[Black "Williams, Simon Kim"]
[Result "1-0"]
[WhiteElo "2480"]
[BlackElo "2496"]
[PlyCount "70"]
[EventDate "2012.10.11"]
[EventType "team-swiss"]
[EventRounds "7"]
[EventCountry "ISR"]
[SourceTitle "CBM 151"]
[Source "ChessBase"]
[SourceDate "2012.11.13"]
[SourceVersion "1"]
[SourceVersionDate "2012.11.13"]
[SourceQuality "1"]
[WhiteTeam "Petah Tikva"]
[BlackTeam "Jutes of Kent"]
[WhiteTeamCountry "ISR"]
[BlackTeamCountry "ENG"]

1. c4 f5 2. g3 Nf6 3. Bg2 d6 4. Nc3 e5 5. d3 Be7 6. e4 Nc6 7. Nge2 0-0 8. h3 Qe8 9. Be3 Qg6 10. Rg1 Kh8 11. Qd2 a6 12. f4 fxe4 13. dxe4 b5 14. f5 Qf7 15. g4 bxc4 16. g5 Nd7 17. Nd5 Nc5 18. Bxc5 dxc5 19. 0-0-0 Nd4 20. Nec3 Bd8 21. h4 c6 22. Ne3 Rb8 23. Bf1 Rb4 24. Qf2 Nb5 25. Nc2 Nxc3 26. bxc3 Rb8 27. Qe2 Qb7 28. Qxc4 Qe7 29. h5 a5 30. Be2 Rb7 31. h6 g6 32. f6 Qe8 33. Bg4 Bxg4 34. Rxg4 Bb6 35. Rd3 Qc8 1-0

[Event "ISR-chT 1011"]
[Site "Israel"]
[Date "2010.12.24"]
[Round "1.3"]
[White "Gofshtein, Leonid D"]
[Black "Bykhovsky, Avigdor"]
[Result "1/2-1/2"]
[WhiteElo "2507"]
[BlackElo "2428"]
[PlyCount "71"]
[EventDate "2010.12.24"]
[EventType "team-tourn"]
[EventRounds "11"]
[EventCountry "ISR"]
[SourceTitle "EXT 2012"]
[Source "ChessBase"]
[SourceDate "2011.11.24"]
[SourceVersion "1"]
[SourceVersionDate "2011.11.24"]
[SourceQuality "1"]
[WhiteTeam "Petah Tikva Elitzur"]
[BlackTeam "Herzliya"]
[WhiteTeamCountry "ISR"]
[BlackTeamCountry "ISR"]

1. d4 d5 2. c4 c6 3. Nf3 Nf6 4. Nc3 e6 5. e3 Nbd7 6. Qc2 Bd6 7. Bd3 dxc4 8. Bxc4 b5 9. Be2 Bb7 10. 0-0 0-0 11. e4 e5 12. a3 a6 13. g3 Re8 14. Rd1 exd4 15. Nxd4 Bf8 16. Nf5 c5 17. f3 c4 18. Be3 Qc7 19. g4 Nc5 20. Bf1 Nfd7 21. Nd5 Bxd5 22. Rxd5 Nf6 23. Rdd1 Nb3 24. Rab1 Rac8 25. Qf2 Nd7 26. Kg2 Ndc5 27. Rd5 Red8 28. Rbd1 Rxd5 29. exd5 Qd7 30. d6 Ne6 31. Qg3 Nbc5 32. Qe5 Nb7 33. Kf2 g6 34. Nh6+ Bxh6 35. Bxh6 Rc6 36. Qf6 1/2-1/2

[Event "Haifa Channukah"]
[Site "Haifa"]
[Date "2010.12.01"]
[Round "1.2"]
[White "Aharon, Ofir"]
[Black "Gofshtein, Leonid D"]
[Result "1/2-1/2"]
[WhiteElo "2264"]
[BlackElo "2513"]
[PlyCount "67"]
[EventDate "2010.12.01"]
[EventType "tourn"]
[EventRounds "9"]
[EventCountry "ISR"]
[EventCategory "6"]
[SourceTitle "CBM 139 Extra"]
[Source "ChessBase"]
[SourceDate "2011.01.05"]
[SourceVersion "1"]
[SourceVersionDate "2011.01.05"]
[SourceQuality "1"]

1. c4 e5 2. g3 d6 3. Bg2 f5 4. Nc3 Nf6 5. d3 Be7 6. Nf3 0-0 7. 0-0 Kh8 8. Rb1 Qe8 9. b4 Qh5 10. Nd2 f4 11. e3 Bg4 12. Bf3 Nbd7 13. Nd5 Bxf3 14. Qxf3 Qxf3 15. Nxf3 Nxd5 16. cxd5 g5 17. Bb2 g4 18. Ne1 fxe3 19. fxe3 a5 20. Rc1 Bg5 21. Rxf8+ Rxf8 22. Ng2 Nb6 23. Nf4 Kg8 24. Rxc7 Bh6 25. bxa5 Na4 26. Ba3 exf4 27. gxf4 Ra8 28. Bxd6 Rxa5 29. e4 Nb2 30. Rc8+ Kf7 31. Rc7+ Kg8 32. Rc8+ Kf7 33. Rc7+ Kg8 34. Rc8+ 1/2-1/2

[Event "Leiden LCT op-A 4th"]
[Site "Leiden"]
[Date "2010.07.16"]
[Round "7"]
[White "Wantola, Ivo"]
[Black "Gofshtein, Leonid D"]
[Result "0-1"]
[WhiteElo "2309"]
[BlackElo "2521"]
[PlyCount "88"]
[EventDate "2010.07.09"]
[EventType "swiss"]
[EventRounds "9"]
[EventCountry "NED"]
[SourceTitle "CBM 137 Extra"]
[Source "ChessBase"]
[SourceDate "2010.09.01"]
[SourceVersion "1"]
[SourceVersionDate "2010.09.01"]
[SourceQuality "1"]

1. Nf3 Nf6 2. c4 g6 3. Nc3 Bg7 4. e4 d6 5. d4 0-0 6. Be2 e5 7. 0-0 Nbd7 8. Be3 Re8 9. d5 Ng4 10. Bg5 f6 11. Bh4 Nh6 12. Ne1 g5 13. Bg3 Nf8 14. Bh5 Ng6 15. Nc2 Rf8 16. Ne3 Nf4 17. Bf3 Qe8 18. Re1 a6 19. a3 Kh8 20. h3 f5 21. exf5 Nxf5 22. Bxf4 gxf4 23. Nxf5 Bxf5 24. Be4 Bxe4 25. Rxe4 f3 26. g3 Bh6 27. Kh2 Bg5 28. Rg4 Rf5 29. Qd3 Qf7 30. Re4 Rg8 31. Ree1 Be7 32. Rg1 Rg4 33. Rh1 Rd4 34. Qf1 h5 35. Rg1 h4 36. Rd1 hxg3+ 37. fxg3 Bg5 38. Rxd4 exd4 39. Nd1 Qe7 40. Qf2 Be3 41. Re1 Bxf2 42. Rxe7 Be3 43. Re4 f2 44. Rh4+ Kg7 0-1

[Event "Leiden LCT op-A 4th"]
[Site "Leiden"]
[Date "2010.07.13"]
[Round "5"]
[White "Gofshtein, Leonid D"]
[Black "Haast, Anne"]
[Result "1-0"]
[WhiteElo "2521"]
[BlackElo "2240"]
[PlyCount "81"]
[EventDate "2010.07.09"]
[EventType "swiss"]
[EventRounds "9"]
[EventCountry "NED"]
[SourceTitle "CBM 137 Extra"]
[Source "ChessBase"]
[SourceDate "2010.09.01"]
[SourceVersion "1"]
[SourceVersionDate "2010.09.01"]
[SourceQuality "1"]

1. Nf3 d5 2. d4 Nf6 3. c4 dxc4 4. e3 e6 5. Bxc4 c5 6. 0-0 a6 7. Bd3 Nc6 8. Nc3 cxd4 9. exd4 Be7 10. a3 0-0 11. Bc2 b5 12. Bg5 Bb7 13. h4 Rc8 14. Re1 Na5 15. d5 Nxd5 16. Nxd5 Bxd5 17. Bxe7 Qxe7 18. Bxh7+ Kh8 19. Qxd5 exd5 20. Rxe7 Kxh7 21. Rae1 Nc4 22. R1e2 Kg8 23. Nd4 Rfd8 24. h5 Kf8 25. b3 Nxa3 26. Ra7 Ra8 27. Ree7 Rxa7 28. Rxa7 Rc8 29. Nf5 Nc2 30. Nd6 Rc3 31. Rxf7+ Kg8 32. Rd7 a5 33. Rd8+ Kh7 34. Nf7 g5 35. Rd6 a4 36. Nxg5+ Kh8 37. bxa4 bxa4 38. Rxd5 a3 39. h6 Rc8 40. Ra5 Rb8 41. Ra7 1-0

[Event "Ankara Angora"]
[Site "Ankara"]
[Date "2010.02.25"]
[Round "8"]
[White "Sanal, Vahap"]
[Black "Gofshtein, Leonid D"]
[Result "0-1"]
[WhiteElo "2095"]
[BlackElo "2540"]
[PlyCount "78"]
[EventDate "2010.02.22"]
[EventType "schev"]
[EventRounds "10"]
[EventCountry "TUR"]
[SourceTitle "CBM 135 Extra"]
[Source "ChessBase"]
[SourceDate "2010.05.04"]
[SourceVersion "1"]
[SourceVersionDate "2010.05.04"]
[SourceQuality "1"]

1. e4 e5 2. Nf3 Nc6 3. Bb5 a6 4. Ba4 Nge7 5. 0-0 g6 6. c3 Bg7 7. d4 exd4 8. cxd4 b5 9. Bb3 d6 10. Nc3 0-0 11. a4 b4 12. Nd5 h6 13. Nxe7+ Qxe7 14. Bd5 Bb7 15. Re1 Na5 16. Bxb7 Nxb7 17. Bf4 c5 18. Rc1 cxd4 19. Nxd4 Qf6 20. Be3 Rfe8 21. Nb3 Qxb2 22. Rc7 Nd8 23. Re2 Qa3 24. a5 Ne6 25. Rc6 Rac8 26. Rxa6 Rc3 27. Nc1 Nd4 28. Re1 Nc2 29. Rf1 Nxe3 30. fxe3 b3 31. Ra7 b2 32. Ne2 Rd3 33. Qb1 Rd2 34. Rfxf7 Qxe3+ 35. Kh1 Be5 36. Ng1 Qb3 37. Rf1 Qc2 38. Nf3 Qxb1 39. Rxb1 Rc2 0-1

[Event "Ankara Angora"]
[Site "Ankara"]
[Date "2010.02.24"]
[Round "6"]
[White "Gofshtein, Leonid D"]
[Black "Firat, Burak"]
[Result "1-0"]
[WhiteElo "2540"]
[BlackElo "2413"]
[PlyCount "73"]
[EventDate "2010.02.22"]
[EventType "schev"]
[EventRounds "10"]
[EventCountry "TUR"]
[SourceTitle "CBM 135 Extra"]
[Source "ChessBase"]
[SourceDate "2010.05.04"]
[SourceVersion "1"]
[SourceVersionDate "2010.05.04"]
[SourceQuality "1"]

1. d4 d5 2. c4 c6 3. Nf3 Nf6 4. e3 g6 5. Nc3 Bg7 6. Bd3 0-0 7. 0-0 Bg4 8. h3 Bxf3 9. Qxf3 e6 10. Rd1 Nbd7 11. Qe2 Re8 12. Qc2 Rc8 13. Bf1 a6 14. b3 e5 15. dxe5 Nxe5 16. Bb2 Qe7 17. cxd5 cxd5 18. Rac1 Rcd8 19. Rd2 Qe6 20. Rcd1 Rc8 21. Qb1 Rxc3 22. Bxc3 Ne4 23. Bd4 Nxd2 24. Rxd2 Bf8 25. Qb2 Nc6 26. Bc3 Rd8 27. g3 h5 28. Bg2 Kh7 29. Qb1 h4 30. gxh4 Bg7 31. Bxg7 Kxg7 32. Qd1 Rh8 33. Rxd5 Rxh4 34. Rd6 Qf5 35. Qa1+ f6 36. Qd1 Ne5 37. f4 1-0

[Event "Ankara Angora"]
[Site "Ankara"]
[Date "2010.02.22"]
[Round "2"]
[White "Gofshtein, Leonid D"]
[Black "Yilmaz, Mustafa"]
[Result "0-1"]
[WhiteElo "2540"]
[BlackElo "2478"]
[PlyCount "106"]
[EventDate "2010.02.22"]
[EventType "schev"]
[EventRounds "10"]
[EventCountry "TUR"]
[SourceTitle "CBM 135 Extra"]
[Source "ChessBase"]
[SourceDate "2010.05.04"]
[SourceVersion "1"]
[SourceVersionDate "2010.05.04"]
[SourceQuality "1"]

1. d4 d5 2. c4 c6 3. Nf3 Nf6 4. e3 Bf5 5. cxd5 cxd5 6. Qb3 Qc7 7. Bd2 Nc6 8. Bb5 e6 9. 0-0 Bd6 10. Bb4 0-0 11. Bxc6 bxc6 12. Nbd2 Rab8 13. Bxd6 Qxd6 14. Qc3 Rfc8 15. Rfc1 Nd7 16. Ne5 Nxe5 17. dxe5 Qb4 18. Nb3 Qxc3 19. Rxc3 c5 20. Nxc5 Rxb2 21. h3 f6 22. f4 fxe5 23. fxe5 h5 24. a4 Re2 25. Rd1 Rb8 26. Nb3 Rc2 27. Rc1 Rxb3 28. R3xc2 Bxc2 29. Rxc2 Rxe3 30. Rc7 a5 31. Ra7 Rxe5 32. Rxa5 Kf7 33. Ra8 Re2 34. a5 Ra2 35. a6 Kf6 36. Kf1 d4 37. a7 Ke5 38. Ke1 Ke4 39. Re8 Rxa7 40. Rxe6+ Kd3 41. Re5 h4 42. Rh5 Ke3 43. Re5+ Kf4 44. Rd5 Ra1+ 45. Kd2 Ke4 46. Rg5 Ra2+ 47. Kc1 Ra7 48. g3 Ra1+ 49. Kd2 Ra2+ 50. Ke1 Rg2 51. Rg4+ Ke3 52. Kf1 Rxg3 53. Rxh4 d3 0-1

[Event "Mainz Ordix op 16th"]
[Site "Mainz"]
[Date "2009.08.01"]
[Round "4"]
[White "Grischuk, Alexander"]
[Black "Gofshtein, Leonid D"]
[Result "1-0"]
[WhiteElo "2733"]
[BlackElo "2540"]
[PlyCount "101"]
[EventDate "2009.08.01"]
[EventType "swiss (rapid)"]
[EventRounds "11"]
[EventCountry "GER"]
[SourceTitle "CBM 131 Extra"]
[Source "ChessBase"]
[SourceDate "2009.09.03"]
[SourceVersion "2"]
[SourceVersionDate "2009.09.16"]
[SourceQuality "1"]

1. d4 Nf6 2. Nf3 e6 3. c4 Bb4+ 4. Bd2 a5 5. Nc3 d6 6. Qc2 Nbd7 7. Bg5 h6 8. Bh4 e5 9. e3 Qe7 10. Be2 Bxc3+ 11. Qxc3 g5 12. Bg3 Ne4 13. Qc2 exd4 14. Nxd4 Ndc5 15. Nb3 Bf5 16. Nxc5 dxc5 17. Qa4+ Bd7 18. Qa3 Bc6 19. Bf3 h5 20. Bxe4 Bxe4 21. f3 Bc6 22. 0-0-0 h4 23. Bf2 h3 24. e4 hxg2 25. Rhg1 Rxh2 26. Bxc5 Qe6 27. Qd3 g4 28. fxg4 Bxe4 29. Qd4 b6 30. Rde1 bxc5 31. Qxe4 Qxe4 32. Rxe4+ Kf8 33. Re2 Rd8 34. Rexg2 Rxg2 35. Rxg2 Rd4 36. b3 a4 37. Kb2 axb3 38. Kxb3 Ke7 39. g5 Kd8 40. Rf2 Rg4 41. Rf5 Kc8 42. Rxc5 c6 43. a4 Kb7 44. Rf5 Kb6 45. Kb4 Ka6 46. Kc5 Ka5 47. Kxc6+ Kxa4 48. c5 Kb4 49. Kd6 Kb5 50. Ke7 Kc6 51. Kxf7 1-0

[Event "ISR-chT 0809"]
[Site "Israel"]
[Date "2009.05.08"]
[Round "7"]
[White "Gofshtein, Leonid D"]
[Black "Rodshtein, Maxim"]
[Result "1/2-1/2"]
[WhiteElo "2546"]
[BlackElo "2609"]
[PlyCount "39"]
[EventDate "2008.12.12"]
[EventType "team-tourn"]
[EventRounds "11"]
[EventCountry "ISR"]
[SourceTitle "EXT 2010"]
[Source "ChessBase"]
[SourceDate "2010.11.25"]
[SourceVersion "1"]
[SourceVersionDate "2010.11.25"]
[SourceQuality "1"]

1. d4 d5 2. c4 c6 3. Nf3 Nf6 4. e3 a6 5. Nc3 b5 6. b3 Bg4 7. Be2 Nbd7 8. h3 Bh5 9. 0-0 e6 10. Bb2 Bd6 11. Ne5 Bxe2 12. Nxe2 bxc4 13. bxc4 0-0 14. Rc1 Qb8 15. Rb1 Qc7 16. Nxd7 Qxd7 17. Qa4 a5 18. Rfc1 Rfb8 19. Bc3 Bc7 20. cxd5 1/2-1/2

[Event "FRA-chT Top 16 GpA"]
[Site "France"]
[Date "2009.05.03"]
[Round "7"]
[White "Kazakov, Mikhail"]
[Black "Gofshtein, Leonid D"]
[Result "1/2-1/2"]
[WhiteElo "2457"]
[BlackElo "2533"]
[PlyCount "22"]
[EventDate "2009.03.20"]
[EventType "team"]
[EventRounds "7"]
[EventCountry "FRA"]
[SourceTitle "CBM 129 Extra"]
[Source "ChessBase"]
[SourceDate "2009.05.05"]
[SourceVersion "2"]
[SourceVersionDate "2009.05.20"]
[SourceQuality "1"]

1. e4 d5 2. exd5 Qxd5 3. Nc3 Qd6 4. d4 Nf6 5. Nf3 a6 6. g3 Bg4 7. h3 Bh5 8. Bg2 Nc6 9. Be3 0-0-0 10. Qd2 e6 11. 0-0-0 Nd5 1/2-1/2

[Event "FRA-chT Top 16 GpA"]
[Site "France"]
[Date "2009.05.02"]
[Round "6"]
[White "Gofshtein, Leonid D"]
[Black "Sokolov, Andrei"]
[Result "1/2-1/2"]
[WhiteElo "2533"]
[BlackElo "2552"]
[PlyCount "30"]
[EventDate "2009.03.20"]
[EventType "team"]
[EventRounds "7"]
[EventCountry "FRA"]
[SourceTitle "CBM 129 Extra"]
[Source "ChessBase"]
[SourceDate "2009.05.05"]
[SourceVersion "2"]
[SourceVersionDate "2009.05.20"]
[SourceQuality "1"]

1. d4 Nf6 2. Nf3 e6 3. g3 d5 4. Bg2 Be7 5. c4 0-0 6. 0-0 dxc4 7. Qc2 a6 8. a4 Bd7 9. Qxc4 Bc6 10. Bg5 Bd6 11. Qc2 Be4 12. Qd1 c5 13. Nbd2 Bd5 14. dxc5 Bxc5 15. Qc2 Nbd7 1/2-1/2

[Event "FRA-chT Top 16 GpA"]
[Site "France"]
[Date "2009.04.30"]
[Round "4"]
[White "Komarov, Dimitri"]
[Black "Gofshtein, Leonid D"]
[Result "1/2-1/2"]
[WhiteElo "2530"]
[BlackElo "2533"]
[PlyCount "30"]
[EventDate "2009.03.20"]
[EventType "team"]
[EventRounds "7"]
[EventCountry "FRA"]
[SourceTitle "CBM 129 Extra"]
[Source "ChessBase"]
[SourceDate "2009.05.05"]
[SourceVersion "2"]
[SourceVersionDate "2009.05.20"]
[SourceQuality "1"]

1. Nf3 Nf6 2. c4 c6 3. d4 d5 4. e3 a6 5. Nc3 b6 6. b3 Bg4 7. Be2 e6 8. 0-0 Nbd7 9. h3 Bh5 10. Bb2 Bd6 11. Ne5 Bxe2 12. Nxe2 Rc8 13. a4 0-0 14. Nxd7 Qxd7 15. Qd3 a5 1/2-1/2